Kant. Eine Biographie (Record n. 359487)
[ formato base ]
| 000 -LEADER | |
|---|---|
| fixed length control field | 01643nam0a22002773i 4500 |
| 001 - CONTROL NUMBER | |
| control field | IT\ICCU\CAG\0658749 |
| 003 - CONTROL NUMBER IDENTIFIER | |
| control field | IT-MiSPE |
| 005 - DATE AND TIME OF LATEST TRANSACTION | |
| control field | 20220915142025.0 |
| 008 - FIXED-LENGTH DATA ELEMENTS--GENERAL INFORMATION | |
| fixed length control field | 220915b ||||| |||| 00| 0 eng d |
| 020 ## - INTERNATIONAL STANDARD BOOK NUMBER | |
| International Standard Book Number | 9783423343947 |
| Terms of availability | 15.00 EUR |
| 040 ## - CATALOGING SOURCE | |
| Original cataloging agency | IT-MiSPE |
| Language of cataloging | ita |
| Transcribing agency | IT-MiSPE |
| 041 ## - LANGUAGE CODE | |
| Language code of text/sound track or separate title | ger |
| Language code of original | eng |
| 082 ## - DEWEY DECIMAL CLASSIFICATION NUMBER | |
| Classification number | 193 B-KAN im* KÜH ma (axa 23319) |
| 100 ## - MAIN ENTRY--PERSONAL NAME | |
| Personal name | Kühn, Manfred. |
| Dates associated with a name | 1947- |
| Relator term | autore |
| 9 (RLIN) | 59160 |
| 240 ## - UNIFORM TITLE | |
| Uniform title | Kant. Eine Biographie |
| Language of a work | ger |
| 245 ## - TITLE STATEMENT | |
| Title | Kant. Eine Biographie |
| Statement of responsibility, etc. | Manfred Kühn ; aus dem Englischen von Martin Pfeiffer. |
| 260 ## - PUBLICATION, DISTRIBUTION, ETC. (IMPRINT) | |
| Place of publication, distribution, etc. | München : |
| Name of publisher, distributor, etc. | Deutscher Taschenbuch Verlag, |
| Date of publication, distribution, etc. | 2007 (Ungekürzte Ausgabe) |
| 300 ## - PHYSICAL DESCRIPTION | |
| Extent | 639 P. ; |
| Dimensions | 21 cm |
| 504 ## - BIBLIOGRAPHY, ETC. NOTE | |
| Bibliography, etc | Bibliografia (pp. 595-616) e indici (618-639) |
| 520 ## - SUMMARY, ETC. | |
| Summary, etc. | Aus dem Englischen von Martin Pfeiffer. Zum 200. Todestag Immanuel Kants (1724-1804) erzählt Manfred Kühn in der ersten umfassenden Biografie des großen Denkers seit über zwei Jahrzehnten Kants Leben und stellt sein philosophisches Werk vor. Heinrich Heine hat gespottet, von Immanuel Kant könne niemand eine Lebensgeschichte schreiben, denn Kant habe weder ein Leben noch eine Geschichte gehabt. Manfred Kühn räumt mit der Legende von Kants ereignislosem Professorenleben gründlich auf und zeichnet das Bild eines eleganten und geistreichen Gentleman, der eine wichtige Rolle im gesellschaftlichen Leben seiner Heimatstadt Königsberg spielte. |
| 546 ## - LANGUAGE NOTE | |
| Language note | Traduzione dall'inglese di Martin Pfeiffer |
| 600 ## - SUBJECT ADDED ENTRY--PERSONAL NAME | |
| Personal name | Immanuel Kant, |
| Dates associated with a name | 1724-1804 |
| 9 (RLIN) | 59161 |
| 655 ## - INDEX TERM--GENRE/FORM | |
| Genre/form data or focus term | Filosofia. Biografia |
| General subdivision | Illuminismo |
| 9 (RLIN) | 59162 |
| 700 #1 - ADDED ENTRY--PERSONAL NAME | |
| Personal name | Pfeiffer, Martin, |
| Relator term | Prof. Dr. ; traduttore |
| 9 (RLIN) | 59163 |
| 942 ## - ADDED ENTRY ELEMENTS (KOHA) | |
| Source of classification or shelving scheme | Dewey Decimal Classification |
| Koha item type | LIBRO |
| Withdrawn status | Lost status | Source of classification or shelving scheme | Damaged status | Not for loan | Home library | Current library | Date acquired | Source of acquisition | Full call number | Barcode | Date last seen | Price effective from | Koha item type |
|---|---|---|---|---|---|---|---|---|---|---|---|---|---|
| Dewey Decimal Classification | Buone Condizioni | Not For Loan | CINISELLO | CINISELLO | 15/09/2022 | web | 193 B-KAN im* KÜH ma (axa 23319) | 9783423343947 | 15/09/2022 | 15/09/2022 | LIBRO |